Đánh giá hiệu quả mô hình sản xuất lúa SRP tại huyện Kế Sách tỉnh Sóc Trăng : Luận văn tốt nghiệp Cao học. Chuyên ngành Phát triển nông thôn
Đánh giá hiện trạng và hiệu quả mô hình sản xuất lúa trong và ngoài SRP, phân tích các yếu tố ảnh hưởng đến hiệu quả mô hình sản xuất lúa trong và ngoài SRP tại huyện Kế Sách tỉnh Sóc Trăng.
Shranjeno v:
| Glavni avtor: | |
|---|---|
| Format: | Knjiga |
| Jezik: | Undetermined |
| Izdano: |
Cần Thơ
Trường Đại học Cần Thơ
2018
|
| Teme: | |
| Oznake: |
Označite
Brez oznak, prvi označite!
|
| Thư viện lưu trữ: | Trung tâm Học liệu Trường Đại học Cần Thơ |
|---|
| LEADER | 01182nam a2200229Ia 4500 | ||
|---|---|---|---|
| 001 | CTU_228697 | ||
| 008 | 210402s9999 xx 000 0 und d | ||
| 082 | |a 338.16 | ||
| 082 | |b T312 | ||
| 088 | |a 8620116 | ||
| 100 | |a Nguyễn, Hoàng Tính | ||
| 245 | 0 | |a Đánh giá hiệu quả mô hình sản xuất lúa SRP tại huyện Kế Sách tỉnh Sóc Trăng : | |
| 245 | 0 | |b Luận văn tốt nghiệp Cao học. Chuyên ngành Phát triển nông thôn | |
| 245 | 0 | |c Nguyễn Hoàng Tính ; Võ Văn Tuấn (Cán bộ hướng dẫn) | |
| 260 | |a Cần Thơ | ||
| 260 | |b Trường Đại học Cần Thơ | ||
| 260 | |c 2018 | ||
| 520 | |a Đánh giá hiện trạng và hiệu quả mô hình sản xuất lúa trong và ngoài SRP, phân tích các yếu tố ảnh hưởng đến hiệu quả mô hình sản xuất lúa trong và ngoài SRP tại huyện Kế Sách tỉnh Sóc Trăng. | ||
| 650 | |a Agriculture,Nông nghiệp | ||
| 650 | |x Economic aspects,Khía cạnh kinh tế | ||
| 910 | |b nthai | ||
| 980 | |a Trung tâm Học liệu Trường Đại học Cần Thơ | ||